Welcome to CU Library Online Public Access Catalogue (OPAC)

Fundamental accounting principles / (Record no. 8588)

MARC details
000 -LEADER
fixed length control field 00689nam a2200229 a 4500
001 - CONTROL NUMBER
control field 1216159
005 - DATE AND TIME OF LATEST TRANSACTION
control field 20260116174436.0
008 - FIXED-LENGTH DATA ELEMENTS--GENERAL INFORMATION
fixed length control field 990402s1999 maua b 001 0 eng
020 ## - INTERNATIONAL STANDARD BOOK NUMBER
International Standard Book Number 0256255342
020 ## - INTERNATIONAL STANDARD BOOK NUMBER
International Standard Book Number 9780256255348
050 00 - LIBRARY OF CONGRESS CALL NUMBER
Classification number HF5635
Item number .P975 1999
082 00 - DEWEY DECIMAL CLASSIFICATION NUMBER
Classification number 657
Edition information 21
100 1# - MAIN ENTRY--PERSONAL NAME
Personal name Larson, Kermit D.
245 10 - TITLE STATEMENT
Title Fundamental accounting principles /
Statement of responsibility, etc. Kermit D. Larson, John J. Wild, Barbara Chiappetta.
250 ## - EDITION STATEMENT
Edition statement 15th ed.
260 ## - PUBLICATION, DISTRIBUTION, ETC.
Place of publication, distribution, etc. Boston :
Name of publisher, distributor, etc. Irwin McGraw-Hill,
Date of publication, distribution, etc. c1999.
300 ## - PHYSICAL DESCRIPTION
Extent 1 v. (various pagings) :
Other physical details ill. (some col.) ;
Dimensions 29 cm.
650 #0 - SUBJECT ADDED ENTRY--TOPICAL TERM
Topical term or geographic name entry element Accounting.
700 1# - ADDED ENTRY--PERSONAL NAME
Personal name Wild, John J.
700 1# - ADDED ENTRY--PERSONAL NAME
Personal name Chiappetta, Barbara.
942 ## - ADDED ENTRY ELEMENTS (KOHA)
Source of classification or shelving scheme Library of Congress Classification
Koha item type Books
Edition 15th Ed.
Suppress in OPAC No
999 ## -
-- 8588
-- 8588
Holdings
Withdrawn status Lost status Source of classification or shelving scheme Damaged status Not for loan Collection Home library Current library Shelving location Date acquired Total checkouts Full call number Barcode Date last seen Copy number Price effective from Koha item type
    Library of Congress Classification     Non-fiction Business Library (Miotso) Business Library (Miotso) General stacks 01/16/2026   HF5635 .P975 1999 BSSM00002281 01/16/2026 1 01/16/2026 Books
© 2023-2024 Copyright: Central University Libraries. All Rights Reserved | Created by: Mahone Tech Office